Villegagnon, roi d'Amérique (Record no. 155418)

MARC details
000 -LEADER
campo de control de longitud fija 00715nam a22001935i 4500
001 - NÚMERO DE CONTROL
campo de control 155418
003 - IDENTIFICADOR DE NÚMERO DE CONTROL
campo de control ES-MaACL
005 - FECHA Y HORA DE LA ÚLTIMA TRANSACCIÓN
campo de control 20230906210052.0
008 - DATOS DE LONGITUD FIJA--INFORMACIÓN GENERAL
campo de control de longitud fija 040721s1897 fr a |||| | fre d
040 ## - FUENTE DE CATALOGACIÓN
Centro catalogador/agencia de origen CAM
Lengua de catalogación spa
Centro/agencia transcriptor CAM
100 1# - ENTRADA PRINCIPAL--NOMBRE DE PERSONA
Nombre de persona Heulhard, Arthur.
9 (RLIN) 127952
245 10 - MENCIÓN DEL TÍTULO
Título Villegagnon, roi d'Amérique
Resto del título : un homme de mer au XVI\pe\s siècle (1510-1572) /
Mención de responsabilidad, etc. Arthur Heulhard.
260 ## - PUBLICACIÓN, DISTRIBUCIÓN, ETC.
Lugar de publicación, distribución, etc. Paris :
Nombre del editor, distribuidor, etc. Ernest Leroux éditeur,
Fecha de publicación, distribución, etc. 1897.
300 ## - DESCRIPCIÓN FÍSICA
Extensión VI, 366 p., [10] h. de lám. :
Otras características físicas il. ;
Dimensiones 31 cm.
490 1# - MENCIÓN DE SERIE
Mención de serie Grande bibliothèque de géographie historique
830 0# - PUNTO DE ACCESO ADICIONAL DE SERIE-TÍTULO UNIFORME
Título uniforme Grande bibliothèque de géographie historique
9 (RLIN) 221561
852 ## - LOCALIZACIÓN
Ubicación ES-MaACL
Número de control de estantería G-4996
Nota libre -- Enc. pasta española
Holdings
Estatus retirado Estado de pérdida Estado de daño No para préstamo Colección Biblioteca de origen Biblioteca actual Ubicación en estantería Fecha de adquisición Fuente de adquisición Total de préstamos Signatura topográfica completa Código de barras Visto por última vez Precio de reemplazo Tipo de ítem Koha
        Libros del s. XIX Biblioteca del Ateneo de Madrid Biblioteca del Ateneo de Madrid Depósito 2 17/01/2008     G-4996 1162572 23/02/2023 23/02/2023 Libro impreso antiguo